[Event "IECG TG.2002.0.14681"]
[Site "IECG email"]
[Date "2002.??.??"]
[Round "2"]
[White "Wilson, John"]
[Black "Castro, Bryan S"]
[Result "0-1"]
[WhiteElo "800"]
[BlackElo "800"]
[PlyCount "20"]
[EventDate "2002.??.??"]
[EventType "match (corr)"]
[EventRounds "2"]
[SourceTitle "Corr 2024"]
[Source "ChessBase"]
[SourceDate "2023.10.19"]
[SourceVersion "1"]
[SourceVersionDate "2023.10.19"]
[SourceQuality "1"]

1. e4 d5 2. exd5 Nf6 3. c4 c6 4. Nc3 cxd5 5. Nf3 d4 6. Nb5 Nc6 7. b3 d3 8. Bb2 Bg4 9. Qb1 Nb4 10. Nbd4 Bxf3 0-1